| 000 | | | 04710cfc2a2200253#x 450 |
| 001 | | | 7b42218e-1280-45cc-b2a8-f8fc6c4a48da |
| 005 | | | 20240723103302.0 |
| 100 | ## | $a | 20240112l19151915k l0rusy0189 ca |
| 101 | 0# | $a | rus |
| 102 | ## | $a | RU |
| 105 | ## | $a | ea## |
| 122 | 0# | $a | d19150309## |
| 200 | 1# | $a | Дело о постройке здания Второго Владикавказского реального училища. Проект главного здания Второго реального училища. Расположение помещений, полы, фасады |
| | $j | 9 марта 1915 г. |
| 215 | ## | $a | 3 листа |
| | $c | план.; черт. |
| | $d | 36,5х26 см |
| 251 | ## | $c | Дело |
| 300 | ## | $a | Чертеж №3 строительный |
| 300 | ## | $a | Бумага. Тушь, карандаш, акварель |
| 371 | ## | $a | Документ не является опубликованным и широко распространяемым |
| 461 | #0 | $1 | 001a74412a3-3cc5-4d21-8f0a-dfe2fbd9e72d |
| | $1 | 2001 |
| | $a | Департамент народного просвещения Министерства народного просвещения |
| | $1 | 251 |
| | $c | Фонд |
| | $1 | 852 |
| | $j | 733 |
| 462 | #0 | $1 | 001cbe97534-fc2c-41b6-aa33-2a5bd997e041 |
| | $1 | 2001 |
| | $a | Строительный комитет: о постройке зданий учебных заведений; проекты, планы и фасады зданий |
| | $v | Д. 29 |
| | $1 | 251 |
| | $c | Опись |
| | $1 | 852 |
| | $j | 224 |
| 801 | #0 | $a | RU |
| | $b | РГИА |
| | $c | 20240112 |
| 801 | #1 | $a | RU |
| | $b | ГлавНИВЦ |
| | $c | 20240112 |
| | $2 | rusmarc |
| 801 | #2 | $a | RU |
| | $b | ПБ им. Б.Н. Ельцина |
| | $c | 20240524 |
| | $g | RCR |
| | $2 | rusmarc |
| 850 | ## | $a | Федеральное казенное учреждение "Российский государственный исторический архив" |
| 852 | ## | $a | РГИА |
| | $j | 29 |
| 937 | ## | $h | РГИА |
| | $d | 12394986 |
| | $a | ASBIBLIO_SCAN |
| 035 | ## | $a | RusGRCC00071820 |
| 856 | ## | $u | http://readingroom.main.prlib.ru/item.aspx?id_node=n192358128&mode=full |
| 120 | ## | $a | byy |
| 121 | ## | $a | a aaaa a |
| 123 | 2# | $a | a |
| 124 | ## | $a | a |
| | $b | j |
| 206 | ## | $b | Масштабы разные |
| 330 | ## | $a | По Кавказскому учебному округу |
| 605 | ## | $2 | acquisition_Prlib |
| | $3 | LIBNET\UAF\0000059948 |
| | $a | Республика Северная Осетия - Алания: страницы истории |
| | $l | коллекция |